00371nam a2200145Ia 450000500170000000800460001703700120006304000210007504100130009608400210010910000170013024500190014726000480016630000110021420250508162820.0008 250505s9999 xx 000 0 eng d aTextual aFEDL bengcFEDL aeng2eng a575.1, JAGqFEDL aJagjit Singh 0aGenetics today aNew Delhi, IndiabNational Book Trustc1988 ax,229p